000 00758nam a2200205 a 4500
003 OSt
005 20240319201453.0
008 190808s1990 000 spa d
040 _aDO-SdBNP
_bspa
_cBNPHU
082 _bM294d 1990
245 1 0 _aManual del legislador dominicano /
_ceditor Miguel Tejada ; contribuciones : Juan Jorge García, Julio Genaro Campillo Pérez y Fabio Herrera-Roa.
250 _a3a ed.
260 _aSantiago de los Caballeros, República Dominicana :
_bUniversidad Católica Madre y Maestra,
_c1990.
300 _a147 p. ;
_c20 cm.
490 1 _aColección estudios
590 _aInventariado, 2020 /LP
700 1 _aTejada, Adriano Miguel
_d1948-2020
_98560
830 0 _a Colección estudios
_922630
942 _2ddc
_cLBS1
999 _c48771
_d48771